000 00833nam a2200205 a 4500
001 000039213
005 20201002031539.0
008 130611s1987 sp 001 0 spa d
020 _a840006139X
040 _aDO-SdBNP
_bspa
_cBNPHU
100 1 _aMuñoz León, Domingo
_915356
245 1 0 _aDerás :
_blos caminos y sentidos de la palabra divina en la Escritura /
_cDomingo Muñoz León.
260 _aMadrid :
_bConsejo Superior de Investigaciones Científicas,
_c1987.
300 _a718 p. ;
_c24 cm.
490 1 _aBibliotheca hispana biblica ;
_v12
505 0 _aPrimera parte Derás targúmico y Derás neotestamentario --
504 _aIncluye referencias bibliográficas y notas al pie de las páginas
710 2 _aConsejo Superior de Investigaciones Científicas
_94786
830 0 _aBibliotheca hispana biblica ;
_v12
_915721
999 _c38703
_d38703